Placer les pays du monde - Statistiques

Statistiques générales
  • Ce quiz a été pris 26 899 fois
  • Le résultat moyen est 44 sur 196
Réponses sur la Carte
Les réponses sont colorées sur une échelle allant du rouge au vert en fonction du pourcentage des utilisateurs qui les ont devinées à leur premier essai. Vous pouvez retrouver ces pourcentages ci-dessous.
 
Statistiques - réponses
Réponse % Correct
Australie
61%
Argentine
56%
Afrique du sud
50%
Allemagne
49%
Brésil
49%
Canada
49%
Algérie
48%
Arabie saoudite
45%
Chine
45%
Etats unis
45%
France
45%
Espagne
41%
Chili
39%
Russie
39%
Italie
37%
Mexique
37%
Corée du Nord
36%
Corée du sud
36%
Danemark
36%
Egypte
36%
Inde
36%
Belgique
35%
Portugal
35%
Biélorussie
34%
Birmanie
34%
Japon
34%
Colombie
33%
Finlande
33%
Maroc
33%
Grèce
32%
Royaume uni
32%
Irlande
31%
Madagascar
31%
Suisse
31%
Bolivie
30%
Cap vert
30%
Chypre
30%
Islande
30%
Autriche
29%
Bahamas
29%
Cuba
29%
Croatie
28%
Equateur
28%
Estonie
28%
Indonésie
28%
Mongolie
28%
Norvège
28%
Nouvelle zelande
28%
Pays bas
28%
Pologne
28%
Suède
27%
Ukraine
27%
Afghanistan
26%
Albanie
26%
Bangladesh
26%
Pérou
26%
Comores
25%
Emirats arabes unis
25%
Tunisie
25%
Ethiopie
24%
Iran
24%
Kazakhstan
24%
Libye
24%
Luxembourg
24%
Turquie
24%
Angola
23%
Cambodge
23%
Costa rica
23%
Côte d'ivoire
23%
Guyana
23%
Malte
23%
Paraguay
23%
Philippines
23%
Azerbaïdjan
22%
Bosnie herzégovine
22%
Bulgarie
22%
Djibouti
22%
Irak
22%
Lettonie
22%
Mali
22%
Oman
22%
Pakistan
22%
Panama
22%
Sri lanka
22%
Uruguay
22%
Venezuela
22%
Haiti
21%
Lituanie
21%
Népal
21%
Soudan
21%
Bhoutan
20%
Botswana
20%
Burkina faso
20%
Cameroun
20%
Hongrie
20%
Malaisie
20%
Mauritanie
20%
Papouasie nouvelle guinée
20%
Qatar
20%
République démocratique du congo
20%
Roumanie
20%
Somalie
20%
Soudan du sud
20%
Suriname
20%
Vietnam
20%
Yemen
20%
Gabon
19%
Géorgie
19%
Israël
19%
Jamaïque
19%
Niger
19%
Nigeria
19%
Sénégal
19%
Thailande
19%
Andorre
18%
Belize
18%
Bénin
18%
Eswatini
18%
Guatemala
18%
Honduras
18%
Laos
18%
Lesotho
18%
Maldives
18%
Moldavie
18%
Namibie
18%
République centrafricaine
18%
Rwanda
18%
Syrie
18%
Arménie
17%
Burundi
17%
Fidji
17%
Ghana
17%
Guinée equatoriale
17%
Jordanie
17%
Kenya
17%
Macédoine du nord
17%
Mozambique
17%
Ouzbékistan
17%
République Tchèque
17%
Serbie
17%
Seychelles
17%
Slovénie
17%
Taïwan
17%
Tchad
17%
Érythrée
16%
Guinée
16%
Guinée Bissau
16%
Micronésie
16%
Monténegro
16%
Nicaragua
16%
Ouganda
16%
Sao Tomé et principe
16%
Slovaquie
16%
Gambie
15%
Kirghizistan
15%
Kiribati
15%
Malawi
15%
Salvador
15%
Sierra leone
15%
Tadjikistan
15%
Zambie
15%
Zimbabwe
15%
Ile maurice
14%
Kosovo
14%
Liban
14%
Palaos
14%
Tanzanie
14%
Togo
14%
Brunei
13%
Koweit
13%
Liberia
13%
Nauru
13%
Turkménistan
13%
Monaco
12%
République dominicaine
12%
République du congo
12%
Singapour
12%
Timor oriental
12%
Grenade
11%
Saint marin
11%
Salomon
11%
Liechtenstein
10%
Saint Christophe et nièves
10%
Sainte lucie
10%
Saint Vincent et les grenadines
10%
Samoa
10%
Vanuatu
10%
Vatican
10%
Dominique
8%
Tonga
8%
Trinité et tobago
8%
Antigua et Barbuda
6%
Bahreïn
6%
Barbade
6%
Iles marshall
6%
Tuvalu
3%
Aucun quiz correspondant
Distribution des résultats
% des personnes avec chaque résultat
Percentile par nombre de réponses
Votre historique - résultats
Vous n’avez pas pris ce quiz